000 00716nam a2200241Ia 4500
003 OSt
005 20220926040029.0
006 a|||||r|||| 00| 0
007 ta
008 220923b |||||||| |||| 00| 0 eng d
037 _cGeneral Book
040 _aRTL
_cRTL
_beng
041 _2eng
_aeng
082 _aX:31-8F, K2
110 _aNational Bureau of Econonomic Research
_9343079
245 0 _aFlow-of-funds approach to social accounting
_b Appr
260 _c1962
490 _aIts conference on Research in income and wealth, 26
650 _aNational Income
700 _aNational Bureau of Econonomic Research
_9343080
942 _hX:31-8F, K2
_cGB
_2CC
999 _c663710
_d663710